000 00748cam a22002653a 4500
001 1510
003 PGUSA
005 20140828083002.0
008 981001s1998||||xxu|||||s|||||000 | eng d
040 _aPGUSA
_beng
042 _adc
050 4 _aPR
100 1 _aShakespeare, William,
_d1564-1616
245 1 0 _aLove's Labour's Lost
_h[electronic resource] /
_cWilliam Shakespeare
260 _bProject Gutenberg,
_c1998
506 _aPublic domain in the USA.
516 _aElectronic text
653 _aComedies
653 _aNavarre (Kingdom) -- Drama
653 _aPrincesses -- Drama
653 _aCourts and courtiers -- Drama
830 0 _aProject Gutenberg
_v1510
856 4 0 _uhttp://www.gutenberg.org/ebooks/1510
942 _cEB
999 _c230858
_d230858